000 00286nam a22001337a 4500
008 170306b xxu||||| |||| 00| 0 eng d
020 _a9781884334603
041 _aeng
080 _a611
100 _a6
101 _aSHM
245 _aTHE BAY SMART SYSTEM
_cSILVER.H
942 _2udc
_cBK
999 _c6915
_d6915